| 000 | 00634nam a22001937a 4500 | ||
|---|---|---|---|
| 003 | OSt | ||
| 005 | 20240723050918.0 | ||
| 008 | 240723b |||||||| |||| 00| 0 eng d | ||
| 020 | _a978-621-406-168-6 | ||
| 040 |
_aDWC- Main Lib _cOC |
||
| 082 | _aFil. 004.22 R449c 2018 | ||
| 100 | _aRevano , Jr. Teodoro F. | ||
| 245 |
_aComputer system organization with assembly language/ _cJr. Teodoro F. Revano |
||
| 260 |
_aIntramuros Manila : _bMindshapers Co. Inc., _cc2018. |
||
| 300 |
_avii , 367 pages : _billustrations ; _c25cm. |
||
| 650 | _a1. Computer architecture | ||
| 650 | _a2. Computer organization | ||
| 942 |
_2ddc _cBK - FIL _n1 |
||
| 999 |
_c2592 _d2592 |
||